02386nam a2200301 4500001000700000003000900007005001700016008004100033040003900074041000800113082002900121100005000150245019400200260004400394300001800438500022500456504002700681505090400708650006101612651004801673651006101721700004501782700005801827700003901885942001201924999001901936952012901955108737DR-UNIBE20260511151125.0220202b2014 dr ||||| |||| 00| 0 spa d aBIBLIOTECA UNIBEcBIBLIOTECA UNIBE aspa aRD 342.037293 P426r 2014 953494aPeralta Romero, Rafael,d1948 -eautor aReformas a la Constitución Política Dominicana 1994-2002-2010 /cRafael Peralta Romero, Antoliano Peralta Romero ; prólogo: Ramonina Brea ; diseño de portada: Denis Mota Álvarez  aSanto Domingo :bEditorial Gente,c2014 a444 páginas aEn la portada el mural de Aurelio Crosiet en el salón de la Asamblea Nacional, 1957. Incluye prólogo, presentación, anexos, epílogo. Datos de los autores en las solapas, comentario de la obra en la contraportada  aIncluye bibliografía aPrimera parte. Reforma constitucional de 1994, 19. Reseña histórica, 21. Constitución proclamada en 1994, 37. Anexo I (Ley 16-94), 91. Anexo II (Pacto por la democracia), 97. Anexo III (Declaración de José O. Leger), 103. Anexo IV (Declaración de Frank Moya Pons), 107. Bibliografía, 121. Segunda parte. Reforma constitucional de 2002, 123. Reseña histórica, 125. Constitución proclamada en 2002, 131. Anexo I (Ley 73-02), 195. Anexo II (Buen tino), 201. Bibliografía, 207. Tercera parte. Reforma constitucional de 2010, 209. Reseña histórica, 211. Constitución proclamada en 2010, 237. Anexo I (Decreto 323-06), 379. Anexo II (Ley 70-09), 385. Anexo III (Decreto 24-09), 401. Anexo IV (Discurso de proclamación, Presidente Leonel Fernández), 405. Anexo V (Otro discurso de Leonel Fernández), 425. Bibliografía, 437. Epílogo, 439. aReformas constitucionaleszRepública Dominicana930189 aRepública DominicanaxConstitución9622 aRepública dominicana xHistoria constitucional9194322 9148060aPeralta Romero, Antolianoeautor aMota Álvarez, Deniscdiseñador de portada9204816 aBrea, Ramonina926886eprologuista 2ddccBK c108737d108737 00102ddc708GEN-RDaPrincipald2020-02-02l0oRD 342.037293 P426r 2014p220012r2022-02-02 00:00:00tEj. 1w2022-02-02yBK